=LDR 00000nam 2200000 4500 =001 INLIS000000000011965 =005 20130612103519 =008 ***********************************Ind** =035 ##$$0010-061300000011965 =041 ##$$a Ind =082 ##$$a 372.4 =090 ##$$a 372.4, Hid p =100 ##$$a Hidayat, rahayu surtiati =245 ##$$a Pengetesan Kemampuan Membaca secara Komunikatif, Rahayu Surtiati Hidayat =250 ##$$a Seri ILDEP =260 ##$$a 1990 $b Jakarta =300 ##$$a xvi, 231 hlm. 23 cm =650 ##$$a Membaca =650 ##$$a Penelitian =850 ##$$a NBPNMAT